000 02063nam0a22003731 4500
001 rc\195620
005 20250620225852.0
010 _a5-298-00707-4
_915000
035 _a(NLR Aleph) 005450422
090 _a4851455
_c4851455
100 _a20030307d1991 |||y0rusy50 ca
101 0 _arus
102 _aRU
105 _aa |||||||||
200 1 _aПрощание с ангелом
_eКн. рассказов
_fРустем Сабиров
210 _aКазань
_cТатар. кн. изд-во
_d1991
215 _a188, [2] с.
_cпортр.
_d20
327 1 _aСодерж.: В предутреннем тумане; Букет орхидей; Прощание с ангелом; Полет валькирий; Уникальный случай; Дорога домой; Пьеро; Долгое возвращение; Холодный апрель; Скифская песнь: Эпизоды из жизни Галихана Каримова, рассказанные им самим
464 0 _12001#$aВ предутреннем тумане
_tВ предутреннем тумане
464 0 _12001#$aБукет орхидей
_tБукет орхидей
464 0 _12001#$aПрощание с ангелом
_tПрощание с ангелом
464 0 _12001#$aПолет валькирий
_tПолет валькирий
464 0 _12001#$aУникальный случай
_tУникальный случай
464 0 _12001#$aДорога домой
_tДорога домой
464 0 _12001#$aПьеро
_tПьеро
464 0 _12001#$aДолгое возвращение
_tДолгое возвращение
464 0 _12001#$aХолодный апрель
_tХолодный апрель
464 0 _12001#$aСкифская песнь
_tСкифская песнь
700 1 _aСабиров
_bР. Р.
_cписатель
_f1951-
_gРустем Раисович
_9142298
_3RU\NLR\AUTH\770142334
801 0 _aRU
_bNLR
_gpsbo
801 1 _aRU
_bELAR
_2rusmarc
852 _aNLR
_j91-3/7330
942 _cBOOK
980 _aNB